Youngest Managers in Europe's Top 5 Leagues - Statistics

General Stats
  • This quiz has been taken 57 times
  • The average score is 9 of 25
Answer Stats
# Age DOB Club Nationality Answer % Correct
13 40 26/3/82 Arsenal Spain Mikel Arteta
84%
3 35 23/7/87 Bayern Munich Germany Julian Nagelsmann
82%
14 41 25/11/81 Bayer Leverkusen Spain Xabi Alonso
77%
18 43 25/1/80 Barcelona Spain Xavi Hernandez
75%
21 43 6/6/79 Brighton Italy Roberti De Zerbi
64%
10 40 30/10/82 Borussia Dortmund Germany Edin Terzić
52%
19 43 10/12/79 Nottingham Forest Wales Steven Cooper
48%
11 40 28/8/82 Bologna Italy Thiago Motta
48%
1 30 14/10/92 Reims Belgium William Still
48%
8 39 18/5/83 Bournemouth England Gary O'Neil
38%
25 44 16/4/78 Olympique Marseille Croatia Igor Tudor
38%
12 40 22/6/82 Rayo Vallecano Spain Andoni Iraola
36%
20 43 4/8/79 Mainz Denmark Bo Svensson
25%
23 44 11/8/78 Sampdoria Serbia Dejan Stanković
23%
2 34 4/5/88 Werder Bremen Germany Ole Werner
23%
5 38 17/4/84 Monza Italy Raffaele Palladino
23%
6 38 10/3/84 Augsburg Germany Enrico Maaßen
18%
24 44 22/4/78 Osasuna Spain Jagoba Arrasate
18%
15 41 24/3/81 Troyes Australia Patrick Kisnorbo
18%
7 39 15/6/83 Southampton Spain Rubén Sellés
18%
22 44 17/10/78 Hertha Berlin Germany Sandro Schwarz
16%
4 36 12/7/86 Nice France Didier Digard
14%
9 40 16/12/82 Empoli Italy Paolo Zanetti
13%
16 42 16/12/80 Espanyol Spain Diego Martinez
7%
17 42 1/4/80 Sassuolo Italy Alessio Donisi
4%
No matching quizzes found
Score Distribution
Percent of People with Each Score
Percentile by Number Answered
Your Score History
You have not taken this quiz